[Event "Harmonie"]
[Site "Groningen NED"]
[Date "2004.12.21"]
[Round "1"]
[White "Gagunashvili,M"]
[Black "Kuzubov,Y"]
[Result "1-0"]
[WhiteElo "2567"]
[BlackElo "2530"]
[EventDate "2004.12.21"]

1. d4 Nf6 2. c4 e6 3. Nc3 Bb4 4. Qc2 c5 5. dxc5 O-O 6. a3 Bxc5 7. Nf3 b6 8.
Bg5 h6 9. Bh4 Bb7 10. Rd1 Be7 11. e4 Nh5 12. Bg3 a6 13. e5 Qc7 14. Ne4 Nc6
15. Nf6+ Bxf6 16. exf6 e5 17. fxg7 Rfe8 18. Qf5 Nxg7 19. Qxd7 Rac8 20. Be2
Ne6 21. O-O Ncd4 22. Rxd4 Bxf3 23. Qxc7 Rxc7 24. Rd2 Bxe2 25. Rxe2 Rxc4 26.
Bxe5 Nc5 27. Re3 Kh7 28. h3 a5 29. Bc3 Rxe3 30. fxe3 Kg8 31. Rd1 Ne6 32.
Rd6 b5 33. Bxa5 1-0

[Event "Harmonie"]
[Site "Groningen NED"]
[Date "2004.12.21"]
[Round "1"]
[White "Nijboer,F"]
[Black "Ernst,S"]
[Result "1-0"]
[WhiteElo "2567"]
[BlackElo "2521"]
[EventDate "2004.12.21"]

1. e4 e5 2. Nf3 Nf6 3. Nxe5 d6 4. Nf3 Nxe4 5. d4 d5 6. Bd3 Bd6 7. O-O O-O
8. c4 Nf6 9. c5 Be7 10. Qc2 b6 11. c6 Qd6 12. Ne5 Ng4 13. Bf4 Nxe5 14. Bxe5
Qxc6 15. Nc3 Be6 16. Bxh7+ Kh8 17. Bd3 Nd7 18. Qe2 Kg8 19. Bb5 Qb7 20. Bxg7
Kxg7 21. Bxd7 Bxd7 22. Qxe7 c6 23. Rae1 Rae8 24. Qg5+ Kh7 25. Re3 Rg8 26.
Qh5+ Kg7 27. Rg3+ Kf8 28. Qh6+ Ke7 29. Re1+ Kd8 30. Rxg8 Rxg8 31. Qf6+ Kc8
32. Qxf7 Rxg2+ 33. Kh1 Rg4 34. f3 Rxd4 35. Re8+ Kc7 36. Qe7 c5 37. Qe5+ 1-0

[Event "Harmonie"]
[Site "Groningen NED"]
[Date "2004.12.21"]
[Round "1"]
[White "L'Ami,E"]
[Black "Brandenburg,D"]
[Result "1-0"]
[WhiteElo "2516"]
[BlackElo "2340"]
[EventDate "2004.12.21"]

1. d4 Nf6 2. c4 e6 3. Nc3 Bb4 4. Qc2 O-O 5. a3 Bxc3+ 6. Qxc3 b6 7. Bg5 Bb7
8. f3 h6 9. Bh4 d5 10. e3 Nbd7 11. Nh3 c5 12. cxd5 Nxd5 13. Bxd8 Nxc3 14.
Be7 Rfe8 15. Bh4 Nd5 16. Bb5 g5 17. Bf2 Red8 18. e4 N5f6 19. Be3 Rac8 20.
Nf2 Ne8 21. h4 cxd4 22. Bxd4 f6 23. Ng4 Kg7 24. hxg5 hxg5 25. Bc3 a6 26.
Ba4 b5 27. Bc2 Nc5 28. Rh5 e5 29. Kf2 Ne6 30. Rah1 Rxc3 31. bxc3 Nf8 32.
Ne3 Bc8 33. Bb3 Rd2+ 34. Kg3 Nc7 35. Rh8 Be6 36. Nf5+ Kf7 37. c4 bxc4 38.
Bxc4 Bxc4 39. Rc1 Be6 40. Rxc7+ Rd7 41. Rc8 1-0

[Event "Harmonie"]
[Site "Groningen NED"]
[Date "2004.12.22"]
[Round "2"]
[White "Visser,Y"]
[Black "Zhigalko,A"]
[Result "1/2-1/2"]
[WhiteElo "2451"]
[BlackElo "2515"]
[EventDate "2004.12.21"]

1. e4 c5 2. Nc3 d6 3. f4 g6 4. Nf3 Bg7 5. Bb5+ Bd7 6. O-O Nc6 7. d3 a6 8.
Bxc6 Bxc6 9. Bd2 Qd7 10. Qe1 e6 11. Nd5 exd5 12. exd5+ Ne7 13. dxc6 bxc6
14. Bc3 O-O 15. Bxg7 Kxg7 16. Nh4 f6 17. Qf2 Rae8 18. Rae1 Nd5 19. g3 Rxe1
20. Rxe1 Re8 21. a3 Rxe1+ 22. Qxe1 Qg4 23. Ng2 Kf7 24. Kf2 h5 25. Qe2 Qh3
26. Kg1 Ne7 27. Nh4 Nf5 28. Nxf5 Qxf5 29. Kg2 h4 30. Qe4 Qg4 31. Qf3 Qe6
32. f5 gxf5 33. gxh4 Qa2 34. Qxf5 Qxb2 35. Qd7+ Kg6 36. Qg4+ Kh6 37. Qf4+
Kg7 38. Qg4+ Kh6 39. Qf4+ Kg7 40. Qg4+ Kh6 1/2-1/2

[Event "Harmonie"]
[Site "Groningen NED"]
[Date "2004.12.23"]
[Round "3"]
[White "Ernst,S"]
[Black "Brandenburg,D"]
[Result "0-1"]
[WhiteElo "2521"]
[BlackElo "2340"]
[EventDate "2004.12.21"]

1. Nf3 Nf6 2. c4 e6 3. g3 d5 4. Bg2 Be7 5. O-O O-O 6. d4 dxc4 7. Qc2 a6 8.
Qxc4 b5 9. Qc2 Bb7 10. Bg5 Nbd7 11. Bxf6 Nxf6 12. Nbd2 Rc8 13. Nb3 c5 14.
dxc5 Bd5 15. Rfd1 Qc7 16. Rac1 Bxb3 17. Qxb3 Bxc5 18. Ne1 Qb6 19. Nd3 Ng4
20. Nxc5 Rxc5 21. Qf3 h5 22. Rxc5 Qxc5 23. h3 Nf6 24. Qc6 Qxc6 25. Bxc6 Rc8
26. Rd6 Kf8 27. e4 e5 28. Bb7 Rc2 29. Rxa6 Rxb2 30. Ra8+ Ke7 31. Ra7 Kd6
32. Ba8 h4 33. g4 Nh7 34. Kg2 Ng5 35. Bd5 Rd2 36. Ra5 Rd3 37. Rxb5 Nxh3 38.
Rb6+ Kc5 39. Rc6+ Kb5 40. Rc2 Nf4+ 41. Kh2 Rh3+ 42. Kg1 f6 43. Rc7 g5 44.
Bb3 Rc3 45. Rf7 Rc6 46. Rd7 Rc1+ 47. Kh2 Rf1 48. Rd2 Kb4 49. Rc2 Nd3 50.
Kg2 Rc1 51. Rd2 Kc3 0-1

[Event "Harmonie"]
[Site "Groningen NED"]
[Date "2004.12.23"]
[Round "3"]
[White "Nijboer,F"]
[Black "Van der Wiel,J"]
[Result "1/2-1/2"]
[WhiteElo "2567"]
[BlackElo "2493"]
[EventDate "2004.12.21"]

1. e4 e5 2. Nf3 Nc6 3. Bb5 a6 4. Ba4 Nf6 5. O-O Be7 6. Re1 b5 7. Bb3 O-O 8.
c3 d6 9. h3 Be6 10. d4 Bxb3 11. axb3 exd4 12. cxd4 d5 13. e5 Ne4 14. Nc3 f5
15. exf6 Bxf6 16. Nxe4 dxe4 17. Rxe4 Qd5 18. Rg4 h5 19. Rf4 Nb4 20. Be3
Rad8 21. Qb1 Qxb3 22. Rf5 Rd6 23. Rxh5 Nc2 24. Ra5 c5 25. dxc5 Rd3 26. Kh2
Bd8 27. Rxa6 Bc7+ 28. Rd6 Rxd6 29. cxd6 Bxd6+ 30. Kh1 Ra8 1/2-1/2

[Event "Harmonie"]
[Site "Groningen NED"]
[Date "2004.12.23"]
[Round "3"]
[White "L'Ami,E"]
[Black "Visser,Y"]
[Result "1-0"]
[WhiteElo "2516"]
[BlackElo "2451"]
[EventDate "2004.12.21"]

1. d4 Nf6 2. c4 g6 3. Nc3 Bg7 4. e4 d6 5. Nf3 O-O 6. Be3 c6 7. Be2 Na6 8.
O-O Ng4 9. Bg5 Nc7 10. h3 f6 11. Bf4 f5 12. Qd2 Ne6 13. Bg3 f4 14. Bh4 Nf6
15. d5 cxd5 16. exd5 Nc5 17. Bxf6 Bxf6 18. b4 Nd7 19. Rac1 Ne5 20. c5 a5
21. a3 axb4 22. axb4 Ra3 23. Qb2 Ra8 24. Qb3 Kh8 25. Na4 Bd7 26. c6 bxc6
27. Nxe5 Bxe5 28. dxc6 Bf5 29. c7 Qe8 30. Nb6 Be4 31. c8=Q 1-0

[Event "Harmonie"]
[Site "Groningen NED"]
[Date "2004.12.23"]
[Round "3"]
[White "Zhigalko,A"]
[Black "Gagunashvili,M"]
[Result "0-1"]
[WhiteElo "2515"]
[BlackElo "2567"]
[EventDate "2004.12.21"]

1. e4 c6 2. d4 d5 3. Nd2 dxe4 4. Nxe4 Bf5 5. Ng3 Bg6 6. h4 h6 7. Nf3 Nd7 8.
h5 Bh7 9. Bd3 Bxd3 10. Qxd3 e6 11. Bf4 Ngf6 12. O-O-O Qa5 13. Kb1 Be7 14.
Ne5 O-O 15. Qe2 Rfe8 16. Rd3 Rad8 17. Rhd1 Qa6 18. Bc1 c5 19. Nxd7 Rxd7 20.
dxc5 Rxd3 21. Rxd3 Bxc5 22. a3 Qc6 23. f3 Be7 24. f4 Rd8 25. Rxd8+ Bxd8 26.
Be3 Bc7 27. Nf1 a6 28. Bd2 Qe4 29. Qxe4 Nxe4 30. Bc1 Nf6 31. Ng3 e5 32.
fxe5 Bxe5 33. Nf5 Nxh5 34. c4 Nf4 35. g4 Nd3 36. b4 Nf2 37. Ne3 Bf4 38. b5
Bxe3 39. Bxe3 Nxg4 40. Bd4 Kf8 41. a4 Ke8 42. Bxg7 h5 43. Kc2 h4 44. Bd4 h3
45. Bg1 Kd7 46. c5 axb5 47. axb5 h2 48. Bxh2 Nxh2 49. Kd3 Kc7 0-1

[Event "Harmonie"]
[Site "Groningen NED"]
[Date "2004.12.24"]
[Round "4"]
[White "Gagunashvili,M"]
[Black "L'Ami,E"]
[Result "1/2-1/2"]
[WhiteElo "2567"]
[BlackElo "2516"]
[EventDate "2004.12.21"]

1. d4 Nf6 2. c4 g6 3. g3 Bg7 4. Bg2 d5 5. cxd5 Nxd5 6. Nf3 Nb6 7. Nc3 Nc6
8. e3 e5 9. d5 Nb4 10. e4 c6 11. a3 Na6 12. dxc6 Qxd1+ 13. Nxd1 Nc5 14. Be3
Nb3 15. Rb1 bxc6 16. Nd2 Nd4 17. Rc1 Ba6 18. Bf1 Bxf1 19. Kxf1 Rc8 20. Bxd4
exd4 21. Ke2 O-O 22. f4 c5 23. b3 Rc7 24. Nb2 Rb8 25. Rc2 f5 26. e5 Bf8 27.
Rhc1 Nd5 28. Na4 Ne3 29. Ra2 Rbb7 30. Raa1 Kf7 31. Rab1 Ke6 32. h3 h6 33.
Nf3 Kd5 34. Nc3+ Ke6 35. Na4 Kd5 36. Nc3+ 1/2-1/2

[Event "Harmonie"]
[Site "Groningen NED"]
[Date "2004.12.24"]
[Round "4"]
[White "Visser,Y"]
[Black "Nijboer,F"]
[Result "1-0"]
[WhiteElo "2451"]
[BlackElo "2567"]
[EventDate "2004.12.21"]

1. e4 c5 2. Nc3 Nc6 3. Bc4 e6 4. Nge2 Nf6 5. d3 Be7 6. O-O a6 7. a3 b5 8.
Ba2 O-O 9. Kh1 Kh8 10. Nf4 Bb7 11. Bd2 Qc7 12. Nce2 Ng8 13. Ng3 Rad8 14. c3
Ne5 15. Qe2 Bd6 16. Nh3 c4 17. d4 Nd3 18. e5 Be7 19. Nf4 Qc6 20. Rg1 Nxf4
21. Bxf4 f5 22. exf6 Nxf6 23. Be5 Rf7 24. Rae1 Rdf8 25. Bb1 d6 26. Bf4 Nd5
27. Qe4 g5 28. Bc1 Qd7 29. Qxe6 Qxe6 30. Rxe6 Rxf2 31. Be4 R8f7 32. h3 Nf4
33. Bxb7 Nxe6 34. Bd5 Nc7 35. Bxf7 Rxf7 36. Ne4 h6 37. g4 Nd5 38. Kg2 Kg7
39. Ng3 Bf8 40. Nf5+ Kg6 41. Re1 h5 42. Re6+ Nf6 43. Nxd6 Bxd6 44. Rxd6
hxg4 45. hxg4 Re7 46. Kf2 Rh7 47. Rxa6 Rh1 48. Be3 Kf7 49. Bxg5 Ne4+ 50.
Kg2 Rb1 51. Bf4 Rxb2+ 52. Kf3 Nd2+ 53. Ke3 Nb1 54. g5 Rg2 55. Kf3 Rg1 56.
Bg3 Rf1+ 57. Ke2 Rf5 58. g6+ Kg8 59. Be5 Nxc3+ 60. Ke1 Nd5 61. Ra7 c3 62.
g7 Nf6 63. Rc7 Kh7 64. Rxc3 Ng8 65. Rb3 Rf7 66. Rh3+ 1-0

[Event "Harmonie"]
[Site "Groningen NED"]
[Date "2004.12.26"]
[Round "5"]
[White "Ernst,S"]
[Black "Visser,Y"]
[Result "0-1"]
[WhiteElo "2521"]
[BlackElo "2451"]
[EventDate "2004.12.21"]

1. d4 Nf6 2. c4 g6 3. Nc3 Bg7 4. e4 d6 5. Nf3 O-O 6. Be2 c6 7. O-O Na6 8.
Be3 Ng4 9. Bg5 Nc7 10. h3 f6 11. Bd2 Nh6 12. Re1 Nf7 13. d5 e6 14. b4 f5
15. exf5 gxf5 16. dxe6 Nxe6 17. Rc1 Ne5 18. Nxe5 dxe5 19. c5 Kh8 20. Bc4
Qh4 21. Ne2 f4 22. Nc3 Ng5 23. Ne4 Bxh3 24. gxh3 Nxh3+ 25. Kf1 f3 26. Re3
Rf4 27. Rxf3 Rxe4 28. Kg2 Rg4+ 29. Rg3 Nxf2 0-1

[Event "Harmonie"]
[Site "Groningen NED"]
[Date "2004.12.26"]
[Round "5"]
[White "Nijboer,F"]
[Black "Gagunashvili,M"]
[Result "1-0"]
[WhiteElo "2567"]
[BlackElo "2567"]
[EventDate "2004.12.21"]

1. e4 c6 2. d4 d5 3. Nc3 dxe4 4. Nxe4 Bf5 5. Ng3 Bg6 6. h4 h6 7. Nf3 Nd7 8.
h5 Bh7 9. Bd3 Bxd3 10. Qxd3 e6 11. Bd2 Ngf6 12. O-O-O Be7 13. Qe2 O-O 14.
Kb1 c5 15. d5 Nxd5 16. Ne4 c4 17. g4 Qb6 18. g5 hxg5 19. h6 f6 20. Be3 Qa6
21. hxg7 Kxg7 22. Nfxg5 fxg5 23. Bxg5 Bxg5 24. Nxg5 N7f6 25. Nxe6+ Kf7 26.
Ng5+ Kg7 27. Rxd5 Nxd5 28. Rh7+ Kg6 29. Qh5+ Kf5 30. Nf7+ 1-0

[Event "Harmonie"]
[Site "Groningen NED"]
[Date "2004.12.26"]
[Round "5"]
[White "Zhigalko,A"]
[Black "Kuzubov,Y"]
[Result "0-1"]
[WhiteElo "2515"]
[BlackElo "2530"]
[EventDate "2004.12.21"]

1. e4 c5 2. Nf3 d6 3. d4 cxd4 4. Nxd4 Nf6 5. Nc3 a6 6. a3 e5 7. Nf3 Qc7 8.
Bg5 Nbd7 9. Bd3 Be7 10. Nd2 h6 11. Bh4 b5 12. Nf1 Nb6 13. Ne3 Be6 14. Qf3
O-O 15. Nf5 Bxf5 16. Qxf5 g6 17. Qf3 Kg7 18. Bg3 Nh5 19. O-O d5 20. Rfe1
Nxg3 21. Qxg3 dxe4 22. Bxe4 Rad8 23. Bd3 Bd6 24. Ne4 Rfe8 25. h4 h5 26.
Rad1 Bf8 27. Be2 Be7 28. Ng5 Rxd1 29. Bxd1 Bxg5 30. Qxg5 Qd8 31. Qg3 Qd2
32. Qe3 Qxe3 33. Rxe3 Nc4 34. Rb3 Rc8 35. f3 Kf6 36. Kf2 Ke6 37. Ke1 Rc5
38. Rc3 Kd6 39. b4 Rd5 40. Be2 Nb6 41. Bd3 f5 42. g3 Rd4 43. Be2 Nc4 44.
Bxc4 bxc4 45. Re3 f4 46. gxf4 Rxf4 47. Re4 Rxf3 48. Rxc4 Rxa3 49. Rc8 Ke6
50. Kd2 Rh3 51. Rc6+ Kf5 52. Rxa6 Rxh4 53. Kc3 Rh1 54. Kb2 e4 55. Ra8 e3
56. Re8 Rh4 57. Kc3 Re4 58. Rf8+ Kg4 59. Rf1 e2 60. Re1 Kf3 0-1

[Event "Harmonie"]
[Site "Groningen NED"]
[Date "2004.12.27"]
[Round "6"]
[White "Zhigalko,A"]
[Black "L'Ami,E"]
[Result "1/2-1/2"]
[WhiteElo "2515"]
[BlackElo "2516"]
[EventDate "2004.12.21"]

1. e4 c5 2. Nf3 d6 3. d4 cxd4 4. Nxd4 Nf6 5. Nc3 a6 6. Be3 e6 7. f3 b5 8.
g4 h6 9. Qd2 Nbd7 10. O-O-O Bb7 11. h4 b4 12. Na4 Qa5 13. b3 Nc5 14. a3
Nxa4 15. axb4 Qc7 16. bxa4 d5 17. e5 Nd7 18. f4 Nb6 19. f5 Nxa4 20. fxe6
Nc3 21. exf7+ Kxf7 22. Bd3 Bxb4 23. Qf2+ Kg8 24. Rdf1 Ba3+ 25. Kd2 Ne4+ 26.
Bxe4 dxe4 27. g5 Bd5 28. e6 Rf8 29. Qg2 Rc8 30. Rf7 Qc3+ 31. Ke2 h5 32. Qh3
Qc4+ 33. Kf2 Re8 34. Rb1 Bxe6 35. Nxe6 Qxc2+ 36. Kg3 Bd6+ 37. Nf4 Qd3 38.
Kg2 Qc2+ 39. Kg3 Qd3 1/2-1/2

[Event "Harmonie"]
[Site "Groningen NED"]
[Date "2004.12.27"]
[Round "6"]
[White "Visser,Y"]
[Black "Brandenburg,D"]
[Result "1-0"]
[WhiteElo "2451"]
[BlackElo "2340"]
[EventDate "2004.12.21"]

1. e4 c5 2. Nf3 Nc6 3. Be2 Nf6 4. e5 Ng4 5. b4 cxb4 6. d4 d6 7. h3 Nh6 8.
O-O e6 9. c4 Nf5 10. Bb2 dxe5 11. d5 Ncd4 12. Nxe5 Bc5 13. Nd2 Qc7 14. Nd3
Ng3 15. Re1 Ngxe2+ 16. Rxe2 Nxe2+ 17. Qxe2 O-O 18. Nxc5 Qxc5 19. Ne4 Qe7
20. d6 Qd8 21. d7 Qe7 22. Rd1 Rd8 23. Qg4 f5 24. Nf6+ Kh8 25. Qh4 h6 26.
Qh5 e5 27. Qe8+ Qf8 28. Qxf8+ Rxf8 29. d8=Q Be6 30. Qe7 Rxf6 31. Bxe5 Rg6
32. Rd6 1-0

[Event "Harmonie"]
[Site "Groningen NED"]
[Date "2004.12.27"]
[Round "6"]
[White "Kuzubov,Y"]
[Black "Van der Wiel,J"]
[Result "1-0"]
[WhiteElo "2530"]
[BlackElo "2493"]
[EventDate "2004.12.21"]

1. d4 Nf6 2. c4 e6 3. Nc3 Bb4 4. e3 c5 5. Nf3 d6 6. Bd3 Bxc3+ 7. bxc3 Qe7
8. Qc2 e5 9. dxe5 dxe5 10. Nd2 Nbd7 11. e4 Nf8 12. Nf1 Ne6 13. Ne3 Nf4 14.
Bf1 h6 15. h4 Ng4 16. Nd5 Nxd5 17. cxd5 f5 18. Bb5+ Bd7 19. Bxd7+ Qxd7 20.
exf5 O-O 21. f3 Nf6 22. c4 e4 23. O-O Rae8 24. Bb2 exf3 25. Rxf3 Ng4 26.
Rf4 h5 27. f6 gxf6 28. Qg6+ Qg7 29. Qxh5 Ne3 30. Qf3 Kh7 31. Kh1 Qg6 32.
Re1 Ng4 33. Rf1 f5 34. d6 Rf7 35. Rxg4 1-0

[Event "Harmonie"]
[Site "Groningen NED"]
[Date "2004.12.28"]
[Round "7"]
[White "Nijboer,F"]
[Black "Zhigalko,A"]
[Result "1-0"]
[WhiteElo "2567"]
[BlackElo "2515"]
[EventDate "2004.12.21"]

1. e4 c5 2. Nf3 d6 3. d4 cxd4 4. Nxd4 Nf6 5. Nc3 a6 6. Be3 e5 7. Nb3 Be6 8.
f3 Be7 9. Qd2 O-O 10. O-O-O Nbd7 11. g4 b5 12. g5 b4 13. Ne2 Ne8 14. Ng3 a5
15. Kb1 Nc7 16. f4 a4 17. f5 axb3 18. cxb3 d5 19. fxe6 d4 20. exf7+ Kh8 21.
g6 hxg6 22. h4 Ne6 23. Bg5 Kh7 24. Bc4 Nf4 25. Bxf4 exf4 26. Qxf4 Bf6 27.
e5 Nxe5 28. Ne4 Kh8 29. Ng5 Qa5 30. a4 Nxc4 31. h5 Qf5+ 32. Ka1 1-0

[Event "Harmonie"]
[Site "Groningen NED"]
[Date "2004.12.28"]
[Round "7"]
[White "Brandenburg,D"]
[Black "Gagunashvili,M"]
[Result "1/2-1/2"]
[WhiteElo "2340"]
[BlackElo "2567"]
[EventDate "2004.12.21"]

1. e4 c6 2. d4 d5 3. Nc3 dxe4 4. Nxe4 Bf5 5. Ng3 Bg6 6. h4 h6 7. Nf3 Nd7 8.
h5 Bh7 9. Bd3 Bxd3 10. Qxd3 e6 11. Bf4 Ngf6 12. O-O-O Qa5 13. Kb1 Be7 14.
Ne5 O-O 15. Ne4 Nxe4 16. Qxe4 Rad8 17. Rd3 Nxe5 18. Bxe5 Bd6 19. Rhd1 Bxe5
20. dxe5 Rxd3 21. Rxd3 Rd8 22. b4 Qc7 23. f4 a5 24. a3 axb4 25. axb4 Rxd3
1/2-1/2

[Event "Harmonie"]
[Site "Groningen NED"]
[Date "2004.12.28"]
[Round "7"]
[White "L'Ami,E"]
[Black "Kuzubov,Y"]
[Result "1/2-1/2"]
[WhiteElo "2516"]
[BlackElo "2530"]
[EventDate "2004.12.21"]

1. d4 Nf6 2. c4 e6 3. Nc3 Bb4 4. Qc2 d5 5. cxd5 Qxd5 6. Nf3 Qf5 7. Qxf5
exf5 8. a3 Bd6 9. Bg5 Ne4 10. Nxe4 fxe4 11. Nd2 f5 12. Nc4 h6 13. Nxd6+
cxd6 14. Bf4 Ke7 15. e3 Be6 16. Be2 1/2-1/2

[Event "Harmonie"]
[Site "Groningen NED"]
[Date "2004.12.29"]
[Round "8"]
[White "Kuzubov,Y"]
[Black "Visser,Y"]
[Result "1/2-1/2"]
[WhiteElo "2530"]
[BlackElo "2451"]
[EventDate "2004.12.21"]

1. d4 Nf6 2. c4 g6 3. Nc3 Bg7 4. e4 d6 5. Be2 O-O 6. Bg5 Na6 7. Qd2 c6 8.
Nf3 e5 9. O-O exd4 10. Nxd4 Nc5 11. f3 Nfxe4 12. Nxe4 Nxe4 13. fxe4 Bxd4+
14. Kh1 Qb6 15. Rad1 Be5 16. c5 dxc5 17. Bc4 Bg4 18. Rxf7 Rxf7 19. Rf1 Qxb2
20. Qxb2 Bxb2 21. Rxf7 Be2 22. Be6 Bg4 23. Bc4 1/2-1/2

[Event "Harmonie"]
[Site "Groningen NED"]
[Date "2004.12.29"]
[Round "8"]
[White "Gagunashvili,M"]
[Black "Van der Wiel,J"]
[Result "1/2-1/2"]
[WhiteElo "2567"]
[BlackElo "2493"]
[EventDate "2004.12.21"]

1. d4 Nf6 2. c4 e6 3. Nc3 Bb4 4. Qc2 O-O 5. a3 Bxc3+ 6. Qxc3 d6 7. Bg5 Nbd7
8. f3 e5 9. dxe5 dxe5 10. e3 Re8 11. Nh3 h6 12. Bh4 Nf8 13. Nf2 Ng6 14. Rd1
1/2-1/2

[Event "Harmonie"]
[Site "Groningen NED"]
[Date "2004.12.30"]
[Round "9"]
[White "Ernst,S"]
[Black "L'Ami,E"]
[Result "0-1"]
[WhiteElo "2521"]
[BlackElo "2516"]
[EventDate "2004.12.21"]

1. d4 Nf6 2. c4 g6 3. Nc3 d5 4. Nf3 Bg7 5. cxd5 Nxd5 6. e4 Nxc3 7. bxc3 c5
8. Rb1 O-O 9. Be2 Nc6 10. d5 Bxc3+ 11. Bd2 Bxd2+ 12. Qxd2 Na5 13. h4 Bg4
14. Ng5 Bxe2 15. Kxe2 e6 16. h5 Nc4 17. Qc1 exd5 18. Nxh7 Re8 19. hxg6
Rxe4+ 20. Kf1 Rh4 21. Rxh4 Qxh4 22. Kg1 Ne5 23. g3 Qe7 24. Qh6 Nxg6 25.
Rxb7 Qe1+ 26. Kg2 Qe4+ 27. Kg1 Qe1+ 28. Kg2 Qe4+ 29. Kf1 Qd3+ 30. Kg1 Qf5
31. Rb3 c4 32. Re3 d4 33. g4 Qxg4+ 34. Rg3 Qf5 35. Ng5 Re8 36. Rf3 Qg4+ 37.
Kf1 Qh4 38. Qxh4 Nxh4 39. Rf4 Re1+ 40. Kxe1 Ng2+ 41. Kd2 Nxf4 0-1

[Event "Harmonie"]
[Site "Groningen NED"]
[Date "2004.12.30"]
[Round "9"]
[White "Brandenburg,D"]
[Black "Zhigalko,A"]
[Result "1/2-1/2"]
[WhiteElo "2340"]
[BlackElo "2515"]
[EventDate "2004.12.21"]

1. e4 c5 2. Nf3 d6 3. d4 cxd4 4. Nxd4 Nf6 5. Nc3 a6 6. Bc4 e6 7. O-O Be7 8.
a3 O-O 9. Ba2 b5 10. f4 Bb7 11. Qe2 Nbd7 12. e5 dxe5 13. fxe5 Bc5 14. Be3
Nxe5 15. Nxe6 Bxe3+ 16. Qxe3 fxe6 17. Qxe5 Qb6+ 18. Kh1 Rae8 19. Rad1 Kh8
20. h3 Qc6 21. Rd2 h6 22. Qd6 Qc8 23. Rdf2 e5 24. Kg1 Qd8 25. Qxd8 Rxd8 26.
Re1 e4 27. Nd1 Nh5 28. Bf7 Ng3 29. Ne3 g5 30. Kh2 Kg7 31. Kxg3 Rxf7 32.
Rxf7+ Kxf7 33. Rd1 Rxd1 34. Nxd1 Kf6 35. Kf2 h5 36. Ke3 h4 37. Nc3 Kf5 38.
Ne2 g4 39. Nd4+ Kg6 40. Ne2 Kg5 41. Nf4 Kf5 42. b3 a5 43. c3 g3 44. c4 a4
45. b4 bxc4 46. Ne2 Ke5 47. Nc3 Bc6 48. Ne2 Kd6 49. Nc3 Kc7 50. Ne2 Kd6 51.
Nc3 Kc7 52. Ne2 Kd8 53. Nc3 Kd7 54. Ne2 Kd6 55. Nc3 Ke5 56. Ne2 Be8 57. Nc3
Bc6 1/2-1/2